00562nam a22001697a 4500003000900000008004100009040007100050082002100121100002200142245003500164260004500199300004300244541004300287650002500330650002100355650001600376AR-CdUCM190401b ||||| |||| 00| 0 spa d aMUNICIPALIDAD PROVINCIAL DEL CUSCOcBIBLIOTECA MUNICIPAL DEL CUSCO aEP / 465 /bF339 aFenoy Gil, Nieves aVacaciones :bLengua 7º egb / aZaragoza :bEditorial Luis Vives,c1988. a59 páginas ;bIlustraciones,c27 cm. aContenido: Libro educación primaria. aEducación primaria aLibro de trabajo aEducación